Gaming Quiz

Random Gaming or World Quiz

World Series of Poker Winners Quiz Stats

 Plays Quiz Updated Oct 8, 2018

Score 0/50 Timer 08:00
0 Plays Today
Year Winner % Correct
2003Chris Moneymaker
83.1%
1976Doyle Brunson
80.2%
1977Doyle Brunson
80.2%
1987Johnny Chan
74.6%
1988Johnny Chan
74.6%
1989Phil Hellmuth Jr.
71.8%
2006Jamie Gold
56.9%
2004Greg Raymer
56.5%
2000Chris Ferguson
52.5%
2005Joe Hachem
49.5%
2016Qui Nguyen
44.6%
1980Stu Ungar
41.9%
1981Stu Ungar
41.9%
1997Stu Ungar
41.9%
1998Scotty Nguyen
38.4%
2008Peter Eastgate
36.4%
2007Jerry Yang
36.3%
1995Dan Harrington
33%
1972Thomas 'Amarillo Slim' Preston
32.7%
1970Johnny Moss
31.9%
1971Johnny Moss
31.9%
1974Johnny Moss
31.9%
2011Pius Heinz
28.1%
2013Ryan Riess
27.3%
2012Greg Merson
27.1%
Year Winner % Correct
2014Martin Jacobson
26.5%
2001Juan Carlos Mortensen
26%
1996Huck Seed
25.8%
2018John Cynn
25.2%
2002Robert Varkonyi
25.1%
2015Joe McKeehen
24.1%
2017Scott Blumstein
23.3%
2009Joe Cada
22.5%
1985Bill Smith
17.1%
2019Hossein Ensan
15.8%
1973Walter 'Puggy' Pearson
12.1%
1978Bobby Baldwin
11.7%
1983Tom McEvoy
11.5%
1994Russ Hamilton
9.9%
1975Brian 'Sailor' Roberts
8.9%
1999Noel Furlong
8.8%
1986Berry Johnston
8.7%
1982Jack Straus
8.6%
2010Jonathan Duhamel
8%
1990Mansour Matloubi
6.7%
1979Hal Fowler
6.3%
1993Jim Bechtel
6.2%
1991Brad Daugherty
5.8%
1992Hamid Dastmalchi
5.7%
1984Jack Keller
5%

You're not logged in!

Compare scores with friends on all Sporcle quizzes.
OR
Log In

Sporcle TV

Today on Sporcle TV


Watch our educational content, quiz creation guides, and fun videos on Sporcle TV.

Show Comments

Extras

Top Quizzes Today


Score Distribution

Your Account Isn't Verified!

In order to create a playlist on Sporcle, you need to verify the email address you used during registration. Go to your Sporcle Settings to finish the process.

Report this User

Report this user for behavior that violates our Community Guidelines.

Details: